<?xml version="1.0" encoding="UTF-8"?><?xml-stylesheet type="text/xsl" href="static/style.xsl"?><OAI-PMH xmlns="http://www.openarchives.org/OAI/2.0/" xmlns:xsi="http://www.w3.org/2001/XMLSchema-instance" xsi:schemaLocation="http://www.openarchives.org/OAI/2.0/ http://www.openarchives.org/OAI/2.0/OAI-PMH.xsd"><responseDate>2026-06-30T03:14:20Z</responseDate><request verb="GetRecord" identifier="oai:docta.ucm.es:20.500.14352/117016" metadataPrefix="marc">https://docta.ucm.es/rest/oai/request</request><GetRecord><record><header><identifier>oai:docta.ucm.es:20.500.14352/117016</identifier><datestamp>2025-03-18T13:55:04Z</datestamp><setSpec>com_20.500.14352_14</setSpec><setSpec>col_20.500.14352_15</setSpec></header><metadata><record xmlns="http://www.loc.gov/MARC21/slim" xmlns:dcterms="http://purl.org/dc/terms/" xmlns:xsi="http://www.w3.org/2001/XMLSchema-instance" xmlns:doc="http://www.lyncode.com/xoai" xsi:schemaLocation="http://www.loc.gov/MARC21/slim http://www.loc.gov/standards/marcxml/schema/MARC21slim.xsd">
   <leader>00925njm 22002777a 4500</leader>
   <datafield ind2=" " ind1=" " tag="042">
      <subfield code="a">dc</subfield>
   </datafield>
   <datafield ind2=" " ind1=" " tag="720">
      <subfield code="a">Pérez-Jordá, Guillermo</subfield>
      <subfield code="e">author</subfield>
   </datafield>
   <datafield ind2=" " ind1=" " tag="720">
      <subfield code="a">Lorrio Alvarado, Alberto José</subfield>
      <subfield code="e">author</subfield>
   </datafield>
   <datafield ind2=" " ind1=" " tag="720">
      <subfield code="a">Ester López Rosendo, Ester</subfield>
      <subfield code="e">author</subfield>
   </datafield>
   <datafield ind2=" " ind1=" " tag="720">
      <subfield code="a">Torres Ortiz, Mariano</subfield>
      <subfield code="e">author</subfield>
   </datafield>
   <datafield ind2=" " ind1=" " tag="260">
      <subfield code="c">2023-12-11</subfield>
   </datafield>
   <datafield ind2=" " ind1=" " tag="520">
      <subfield code="a">The Phoenician settlement of La Fonteta (Alicante, Spain) was founded in the late 8th cent bc at the mouth of the Río Segura. It has provided one of the most complete archaeobotanical records of all Phoenician Mediterranean sites which points to an agricultural system based on cultivating cereals, pulses and a wide variety of fruits such as grape, fig and pomegranate. These crops then spread to the surrounding indigenous settlements. Apart from integrating new crops, these local and regional indigenous sites progressively began to take part in a Mediterranean-wide network characterised particularly by trade in agricultural produce. The agricultural system of La Fonteta was not new to the Iberian Peninsula, as there is evidence that it arrived earlier at Phoenician colonies along its Mediterranean coastline. One of the most relevant aspects of the archaeobotanical record from La Fonteta is that it represents crafts there, as a large part of the remains correspond to plants which were burnt as fuel in its numerous metal working furnaces.</subfield>
   </datafield>
   <datafield ind1="8" ind2=" " tag="024">
      <subfield code="a">Pérez-Jordà, G., Lorrio, A.J., López Rosendo, E. et al. Agriculture at the Phoenician site of La Fonteta (Alicante, Spain). Veget Hist Archaeobot 33, 581–594 (2024). https://doi.org/10.1007/s00334-023-00980-8</subfield>
   </datafield>
   <datafield ind1="8" ind2=" " tag="024">
      <subfield code="a">10.1007/s00334-023-00980-8</subfield>
   </datafield>
   <datafield ind1="8" ind2=" " tag="024">
      <subfield code="a">https://hdl.handle.net/20.500.14352/117016</subfield>
   </datafield>
   <datafield ind1="8" ind2=" " tag="024">
      <subfield code="a">https://doi.org/10.1007/s00334-023-00980-8</subfield>
   </datafield>
   <datafield ind2="0" ind1="0" tag="245">
      <subfield code="a">Agriculture at the Phoenician site of La Fonteta (Alicante, Spain)</subfield>
   </datafield>
</record></metadata></record></GetRecord></OAI-PMH>